000 00928nam a2200265 a 4500
001 67709
003 BD-RjUL
005 20211209081703.0
008 170328s1987 coub b 00000 eng
020 _a0424001276
035 _a(BD-RjUL)67918
040 _aANL
_beng
_dANL
_dBD-RjUL
_cBD-RjUL
041 _aeng
082 0 _223
_a150.95
_bPSY 1987
245 0 0 _aPsychology moving East :
_bthe status of western psychology in Asia and Oceania /
_cedited by Geoffrey H. Blowers and Alison M. Turtle.
260 _aBoulder, Colo. :
_bWestview Press ;
_a[Sydney] :
_bSydney University Press,
_cc1987.
300 _axvii, 362 p. :
_bill. ;
_c23 cm.
504 _aIncludes bibliographies.
650 0 _aPsychology
_xPhilosophy.
_9162397
650 0 _aPsychology
_zAsia.
_9200742
650 0 _aPsychology
_zOceania.
_9200743
700 1 _aBlowers, G. H.
_q(Geoffrey H.)
_9200744
700 1 _aTurtle, Alison M.
_9200745
942 _2ddc
_cBK
999 _c67709
_d67709